|
|
|
แสดงรายละเอียดบรรณานุกรม |
|
|
Brief Record
: Get Marc (ISO 2709)
: E-mail record
: |
| LEADER 00000nam 2200000uu 4500 | |||
| 001 17927 | |||
| 003 ULIBM | |||
| 008 020711s2016 th a 000 0 tha d | |||
| 020 67493284 | |||
| 100 www.mims.com | |||
| 245 mims drug reference | |||
| 260 thailand :^bม.ป.ท.,^c2016 | |||
| 300 735 หน้า | |||
| คุณยังไม่ได้ล็อกอิน คุณสามารถมีกิจกรรมร่วมกับเว็บไซต์ได้ แต่ต้องล็อกอินก่อน :: |
|
| สถานะ | |||||||||
| 1. | หนังสือ | 2016 c.1 Barcode: 0003282 | On Shelf | ||||||
| [แสดง 1/1 รายการ] | |||||||||
| รายการใกล้เคียง ชื่อเรื่อง [mims drug reference] ผู้แต่ง [www.mims.com] |
BibComment |
| คอมเมนท์ทรัพยากรรายการนี้ |
|
|